Mathematica Scandinavica

Saved in:
Bibliographic Details
Format: Serial
Language:English
Published: Aarhus Institut for Matematik
Tags: Add Tag
No Tags, Be the first to tag this record!

MARC

LEADER 00000nas1a2200000 4500
001 0247174
005 20250701092114.0
022 |a 0025-5521 
022 |a 1903-1807 
041 0 |a eng 
044 |a DK 
245 1 0 |a Mathematica Scandinavica 
264 1 |a Aarhus  |b Institut for Matematik